| 000 | 00415cam a22001457a 4500 | ||
|---|---|---|---|
| 008 | 180718b1983 xxu||||| |||| 00| 0 eng d | ||
| 082 | _aA99 M721c | ||
| 100 | _aMody, Piloo | ||
| 245 |
_aCritique : selected works of Piloo Mody _cby Piloo Mody |
||
| 260 |
_aNew Delhi _bNewsindia _c1983 |
||
| 300 | _a183p. | ||
| 650 | _aEconomic development - India | ||
| 650 | _aIndia - Politics | ||
| 650 | _aMody,Piloo, 1926-1983 | ||
| 999 |
_c349249 _d349249 |
||